Vincitori Panchina d'oro - Statistics

Statistiche generali
  • Questo quiz è stato fatto 11 volte
    2 dall'ultimo reset
  • Il punteggio medio è 24 su 31
Statistiche sulle risposte
Stagione Nazione Squadra Allenatore % Corretto
2011-12 Italia Juventus Antonio Conte
100%
2012-13 Italia Juventus Antonio Conte
100%
2013-14 Italia Juventus Antonio Conte
100%
2020-21 Italia Inter Antonio Conte
100%
2010-11 Italia Udinese Francesco Guidolin
100%
2018-19 Italia Atalanta Gian Piero Gasperini
100%
2019-20 Italia Atalanta Gian Piero Gasperini
100%
2009-10 Portogallo Inter José Mourinho
100%
2004-05 Italia Udinese Luciano Spalletti
100%
2022-23 Italia Napoli Luciano Spalletti
100%
2008-09 Italia Cagliari Massimiliano Allegri
100%
2014-15 Italia Juventus Massimiliano Allegri
100%
2016-17 Italia Juventus Massimiliano Allegri
100%
2017-18 Italia Juventus Massimiliano Allegri
100%
2007-08 Italia Inter Roberto Mancini
100%
2023-24 Italia Inter Simone Inzaghi
100%
2021-22 Italia Milan Stefano Pioli
100%
1996-97 Italia Udinese Alberto Zaccheroni
50%
1998-99 Italia Milan Alberto Zaccheroni
50%
2002-03 Italia Milan Carlo Ancelotti
50%
2003-04 Italia Milan Carlo Ancelotti
50%
2005-06 Italia Fiorentina Cesare Prandelli
50%
2006-07 Italia Fiorentina Cesare Prandelli
50%
1993-94 Italia Milan Fabio Capello
50%
2000-01 Italia Roma Fabio Capello
50%
2001-02 Italia Chievo Luigi Delneri
50%
1997-98 Italia Inter Luigi Simoni
50%
1994-95 Italia Juventus Marcello Lippi
50%
1995-96 Italia Juventus Marcello Lippi
50%
2015-16 Italia Napoli Maurizio Sarri
50%
1999-00 Italia Lecce Alberto Cavasin
0%
Nessun quiz corrispondente trovato
Distribuzione punteggi
Percentuale di utenti per punteggio
Percentile per numero di risposta
I tuoi punteggi nel tempo
Non hai fatto questo quiz dall'ultimo reset